<?xml version="1.0" encoding="UTF-8"?>
<marc:record xmlns:marc="http://www.loc.gov/MARC21/slim">
   <marc:leader>00000nam a2200000 a 4500</marc:leader>
   <marc:datafield ind1="1" ind2=" " tag="100">
      <marc:subfield code="a">Suchanek, Andreas</marc:subfield>
      <marc:subfield code="4">aut</marc:subfield>
      <marc:subfield code="e">Verfasser/-in</marc:subfield>
   </marc:datafield>
   <marc:datafield ind1="1" ind2=" " tag="100">
      <marc:subfield code="a">Grubing, Timo</marc:subfield>
   </marc:datafield>
   <marc:datafield ind1=" " ind2=" " tag="653">
      <marc:subfield code="a">Magie</marc:subfield>
   </marc:datafield>
   <marc:datafield ind1=" " ind2=" " tag="653">
      <marc:subfield code="a">Fantasy</marc:subfield>
   </marc:datafield>
   <marc:datafield ind1="0" ind2="0" tag="245">
      <marc:subfield code="a">Magic Island. Ruf der Seelentiere</marc:subfield>
   </marc:datafield>
   <marc:datafield ind1="0" ind2="0" tag="245">
      <marc:subfield code="c">Andreas Suchanek ; Illustrationen von Timo Grubing</marc:subfield>
   </marc:datafield>
   <marc:datafield ind1=" " ind2="1" tag="264">
      <marc:subfield code="a">Berlin</marc:subfield>
      <marc:subfield code="b">Ueberreuter</marc:subfield>
      <marc:subfield code="c">2025</marc:subfield>
   </marc:datafield>
   <marc:datafield ind1="1" ind2=" " tag="490">
      <marc:subfield code="a">Magic Island</marc:subfield>
      <marc:subfield code="v">1</marc:subfield>
   </marc:datafield>
   <marc:datafield ind1="1" ind2=" " tag="520">
      <marc:subfield code="a">Quelle: bn.bibliotheksnachrichten (http://www.biblio.at/literatur/bn/index.html); &lt;br/&gt;Autor: Susanne Wieshofer; &lt;br/&gt;Julian lernt sein Seelentier kennen und stolpert mitten ins Abenteuer. (ab 11) (JE)&lt;br/&gt;Julian erhält durch eine magische Begegnung ein dünnes Lederband mit einem Rubin. Damit kann er durch ein Portal treten und gelangt auf eine einsame Insel. Dort warten viele Herausforderungen auf ihn. Sein Seelentier, ein Husky, erscheint und rettet ihn vor einer grässlichen Kreatur. Mit einem besonderen Spruch oder durch die Berührung des Edelsteins kann er seinen Husky zu sich rufen. Auf der Insel brauen sich immer mehr Abenteuer zusammen und weitere Jugendliche mit Seelentieren tauchen auf. Gemeinsam bilden sie ein Team und werden als Weltenretter berufen. Nur zusammen, mit ihren Stärken und Schwächen, können sie die schwierigen Aufgaben lösen.&lt;br/&gt;Andreas Suchanek hat mit diesem Fantasyroman für Jugendliche seine zweite Reihe nach dem »Flüsterwald« geschaffen. Spannend, mit sehr vielen Charakteren und Abenteuern gefüllt, perfekt sowohl für Jungen als auch Mädchen. Die Illustrationen von Timo Grubing ergänzen den Text. Für Büchereien mit hohem Anteil an jugendlichen Leser*innen im Fantasybereich geeignet.</marc:subfield>
   </marc:datafield>
   <marc:datafield ind1=" " ind2=" " tag="020">
      <marc:subfield code="a">9783764152741</marc:subfield>
      <marc:subfield code="9">9783764152741</marc:subfield>
   </marc:datafield>
   <marc:datafield ind1=" " ind2=" " tag="041">
      <marc:subfield code="a">ger</marc:subfield>
   </marc:datafield>
   <marc:datafield ind1=" " ind2=" " tag="300">
      <marc:subfield code="b">Illustrationen</marc:subfield>
   </marc:datafield>
   <marc:datafield ind1="1" ind2=" " tag="521">
      <marc:subfield code="a">0</marc:subfield>
   </marc:datafield>
   <marc:datafield ind1=" " ind2=" " tag="300">
      <marc:subfield code="a">240 Seiten</marc:subfield>
   </marc:datafield>
</marc:record>
